000 00762nam a2200205 a 4500
001 BRCA_1496
005 20190320203443.0
008 970226s1996 mx-a---##b---#000-0#spa-#
020 _a9687009500
050 4 _aF1211
_b.V53 1996
245 1 0 _aViajeros europeos del siglo XIX en México.
260 _aMéxico
_bFomento Cultural Banamex
_c1996
300 _a265 p.
_bil. (algunas a color)
_c31 cm.
_e1 catálogo de obra : 15 p.
500 _aCatálogo de la exposición realizada en el Palacio de Iturbide (México), octubre - noviembre, 1996
504 _aBibliografía: p. 237-242
650 1 4 _aArte europeo
_vExposiciones
_ySiglo XIX
_94620
651 4 _aMéxico
_vExposiciones
_xEn el arte
_92334
653 0 _aViajeros extranjeros en México
942 _2lcc
_cB
999 _c1357
_d1357